000 00491nam a2200157 4500
001 112263
003 ES-MaACL
005 20230906185503.0
007 t|
008 061121s1914 sp r ||||1| spa d
100 1 _aNido y Segalerva, Juan del.
_985616
245 1 3 _aLa Unión Ibérica
_b: estudio crítico-histórico de este problema /
_cJuan del Nido y Segalerva.
260 _aMadrid :
_bPrudencio P. de Velasco,
_c1914.
300 _a366 p. ;
_c25 x 18 cm.
852 _aES-MaACL
_jC-2384
999 _c112263
_d112263